banner koha

Aparência tomográfica dos discos intervertebrais mineralizados em cães da raça Dachshund Miniatura (Registro n. 300446)

MARC details
000 -LÍDER
fixed length control field 03854nab a2200361 i 4500
003 - CÓDIGO MARC DA AGÊNCIA CATALOGADORA
Campo de controle BR-BrBNA
005 - DATA E HORA DA ÚLTIMA ATUALIZAÇÃO
Campo de controle 20240708133953.0
008 - CAMPO DE TAMANHO FIXO
fixed length control field 240708b2017 bl.|r|pooa||| 00| 0 por |
040 ## - FONTE DA CATALOGAÇÃO
Agência catalogadora BR-BrBNA
Idioma da catalogação por
072 ## - CATEGORIA AGRIS
Código AGRIS L70
Código do objeto 5400
072 ## - CATEGORIA AGRIS
Código AGRIS L74
100 ## - ENTRADA PRINCIPAL - NOME PESSOAL
Nome pessoal Baraúna Júnior, D.
100 ## - ENTRADA PRINCIPAL - NOME PESSOAL
Nome pessoal Fernandes, T.H.T.
100 ## - ENTRADA PRINCIPAL - NOME PESSOAL
Nome pessoal Silva, I.C.C.
100 ## - ENTRADA PRINCIPAL - NOME PESSOAL
Nome pessoal Bonelli, M.A.
100 ## - ENTRADA PRINCIPAL - NOME PESSOAL
Nome pessoal Santos, C.R.O.
100 ## - ENTRADA PRINCIPAL - NOME PESSOAL
Nome pessoal Amorim, M.M.A.
100 ## - ENTRADA PRINCIPAL - NOME PESSOAL
Nome pessoal Costa, F.S.
100 ## - ENTRADA PRINCIPAL - NOME PESSOAL
Nome pessoal Tudury, E.A.
245 ## - TÍTULO PRINCIPAL
Título principal Aparência tomográfica dos discos intervertebrais mineralizados em cães da raça Dachshund Miniatura
500 ## - NOTA GERAL
Nota geral <br/>Publicação online; 24 ref.; Summaries (En, Pt)
942 ## - ADDED ENTRY ELEMENTS (KOHA)
Koha item type
520 ## - NOTA DE RESUMO
Nota de conteúdo <br/><br/>RESUMO - Objetivou-se com este trabalho descrever os aspectos de tomografia computadorizada de discos intervertebrais de cães da raça Dachshund com um ano de idade, assim como quantificar, qualificar e localizar a mineralização nos componentes do DIV e no espaço intervertebral da coluna vertebral. Dez cães dessa raça, com um ano de idade, foram submetidos à tomografia computadorizada (TC). Nas imagens de reconstrução sagital dos animais, procedeu-se à identificação de sete DIV em cada animal, entre as vértebras T9 e L3, totalizando a análise de 70 DIV. Entre os DIV mineralizados, a presença da alteração foi determinada quanto à localização no núcleo pulposo (NP), no anel fibroso (AF) e em AF/NP. Dos 70 DIV avaliados, 45 foram considerados como mineralizados. Entre os classificados como mineralizados, 20% (9/45), 17,8% (8/45) e 62,2% (28/45) estavam localizados nas regiões do NP, AF e AF/NP, respectivamente. A mineralização encontrada neste estudo esteve caracterizada por aumento de atenuação radiográfica com densidade mineral na topografia do DIV, havendo variações da localização e da radiodensidade de área calcificada entre animais e DIV no mesmo indivíduo. As alterações relativas à mineralização dos DIV podem ser classificadas tomograficamente quanto à localização da alteração no disco em AF, NP e AF/NP.<br/><br/><br/>Palavras-chave: cão, coluna vertebral, diagnóstico por imagem, radiografia
520 ## - NOTA DE RESUMO
Nota de conteúdo <br/><br/>ABSTRACT - The objective was to describe CT imaging of calcified IVD in one-year-old Dachshunds, as well as describe the location in the soft tissue structures that make up the IVD. Ten one-year-old dogs underwent computed tomography (CT). In sagittal reconstruction images of animals, the identification of 70 IVD present in the spaces between L3 - T9 were performed. Among calcified IVDs, the presence of the change was determined as the location in the nucleus pulposus (NP), annulus fibrosus (AF) and both. Of a total of 70 evaluated IVDs, 45 were found to calcified and 25 not calcified. Among calcified discs, location was determined in nine (20%) in NP, eight discs (17.77%) in AF and 28 (62, 23%) NP & AF. Calcification in this study was characterized by increased radiographic attenuation mineral density in the IVD topography. There is variation in the location and radiodensity of calcified areas between animals and IVD in the same individual. Changes related to IVD calcification can be classified as tomographic location in AF, NP and NP & AF.<br/><br/><br/>Keywords: dog, spine, imaging diagnosis, radiography
650 ## - ASSUNTO - THESAGRO
Cabeçalho tópico ou nome geográfico CÃO
650 ## - ASSUNTO - THESAGRO
Cabeçalho tópico ou nome geográfico COLUNA VERTEBRAL
650 ## - ASSUNTO - THESAGRO
Cabeçalho tópico ou nome geográfico TOMOGRAFIA
650 ## - ASSUNTO - THESAGRO
Cabeçalho tópico ou nome geográfico DIAGNÓSTICO
650 ## - ASSUNTO - THESAGRO
Cabeçalho tópico ou nome geográfico DISTÚRBIO FISIOLÓGICO
773 0# - ENTRADA ANALÍTICA
Host Biblionumber 1643
Registro do item 316242
Imprenta Belo Horizonte-MG Universidade Federal de Minas Gerais - Escola de Veterinaria 1983
Outro identificador 2024-2643
Título Arquivo Brasileiro de Medicina Veterinária e Zootecnia (Brazil)
ISSN 0102-0935
Colação v. 69(4) p. 941-947; (2017)
Número de controle de registro BR2024001660
856 ## - ACESSO E ENDEREÇO ELETRÔNICO
Identificador uniforme de recurso - URI https://www.scielo.br/j/abmvz/a/sJdcJgHrVHxKmf7zY6CFbjC/?format=pdf&lang=pt

Nenhum exemplar disponível.

BINAGRI

Telefone: (61)3218-2567/2388/3357/2097 - binagri@agro.gov.br

Ministério da Agricultura e Pecuária , Esplanada dos Ministérios, Bloco D, Anexo B, Brasília/DF, CEP: 70.043-900